<?xml version="1.0" encoding="UTF-8"?><?xml-stylesheet type="text/xsl" href="static/style.xsl"?><OAI-PMH xmlns="http://www.openarchives.org/OAI/2.0/" xmlns:xsi="http://www.w3.org/2001/XMLSchema-instance" xsi:schemaLocation="http://www.openarchives.org/OAI/2.0/ http://www.openarchives.org/OAI/2.0/OAI-PMH.xsd"><responseDate>2026-06-01T12:19:31Z</responseDate><request verb="GetRecord" identifier="oai:riuma.uma.es:10630/27781" metadataPrefix="marc">https://riuma.uma.es/rest/oai/request</request><GetRecord><record><header><identifier>oai:riuma.uma.es:10630/27781</identifier><datestamp>2026-02-03T12:21:05Z</datestamp><setSpec>com_10630_2254</setSpec><setSpec>col_10630_37959</setSpec></header><metadata><record xmlns="http://www.loc.gov/MARC21/slim" xmlns:dcterms="http://purl.org/dc/terms/" xmlns:doc="http://www.lyncode.com/xoai" xmlns:xsi="http://www.w3.org/2001/XMLSchema-instance" xsi:schemaLocation="http://www.loc.gov/MARC21/slim http://www.loc.gov/standards/marcxml/schema/MARC21slim.xsd">
   <leader>00925njm 22002777a 4500</leader>
   <datafield ind2=" " ind1=" " tag="042">
      <subfield code="a">dc</subfield>
   </datafield>
   <datafield ind2=" " ind1=" " tag="720">
      <subfield code="a">Molinillo-Jiménez, Sebastián</subfield>
      <subfield code="e">author</subfield>
   </datafield>
   <datafield ind2=" " ind1=" " tag="720">
      <subfield code="a">Paredes-Pacheco, José</subfield>
      <subfield code="e">author</subfield>
   </datafield>
   <datafield ind2=" " ind1=" " tag="720">
      <subfield code="a">Calderón Fajardo, Víctor</subfield>
      <subfield code="e">author</subfield>
   </datafield>
   <datafield ind2=" " ind1=" " tag="720">
      <subfield code="a">López-Barroso, Diana</subfield>
      <subfield code="e">author</subfield>
   </datafield>
   <datafield ind2=" " ind1=" " tag="260">
      <subfield code="c">2023</subfield>
   </datafield>
   <datafield ind2=" " ind1=" " tag="520">
      <subfield code="a">El objetivo de este estudio es conocer cuál es la activación cerebral del turista ante las diferentes dimensiones de la personalidad del destino, identificar si esa activación de regiones del cerebro difiere entre dimensiones y explorar la relación entre la activación cerebral y la intención de visita. Para ello se emplea la resonancia magnética funcional, con el objetivo de medir la respuesta de los turistas ante la presentación de imágenes que representan diferentes dimensiones de la personalidad de los destinos. Los resultados preliminares de este trabajo en curso muestran que las dimensiones activan regiones cerebrales asociadas a características relacionadas con el significado de la dimensión y que las regiones activadas varían entre las dimensiones, aunque aún no se dispone de datos para analizar su relación con la intención de visita. El presente trabajo representa una importante contribución a la literatura del neuromarketing y a la gestión de las estrategias de marketing de los destinos.</subfield>
   </datafield>
   <datafield ind1="8" ind2=" " tag="024">
      <subfield code="a">https://hdl.handle.net/10630/27781</subfield>
   </datafield>
   <datafield tag="653" ind2=" " ind1=" ">
      <subfield code="a">Neuromarketing</subfield>
   </datafield>
   <datafield ind2="0" ind1="0" tag="245">
      <subfield code="a">Estudio de la activación cerebral de los turistas ante la personalidad de los destinos turísticos.</subfield>
   </datafield>
</record>
</metadata></record></GetRecord></OAI-PMH>